Preliminary geologic and relief map of the Precambrian rocks of New Mexico, (Record no. 29612)

MARC details
000 -LEADER
fixed length control field 01143cam a22002891 4500
001 - CONTROL NUMBER
control field gs 62000172
003 - CONTROL NUMBER IDENTIFIER
control field DLC
005 - DATE AND TIME OF LATEST TRANSACTION
control field 20260227111411.0
008 - FIXED-LENGTH DATA ELEMENTS--GENERAL INFORMATION
fixed length control field 780921s1961 nmub b s000 0 eng c
010 ## - LIBRARY OF CONGRESS CONTROL NUMBER
LC control number gs 62000172
035 ## - SYSTEM CONTROL NUMBER
System control number (OCoLC)4243638
040 ## - CATALOGING SOURCE
Original cataloging agency U.S. Geol. Survey. Libr.
Transcribing agency TxEU
Modifying agency OCoLC
-- DLC
042 ## - AUTHENTICATION CODE
Authentication code premarc
050 00 - LIBRARY OF CONGRESS CALL NUMBER
Classification number TN24.N6
Item number A235 no. 57
100 1# - MAIN ENTRY--PERSONAL NAME
Personal name Foster, Roy W.
245 10 - TITLE STATEMENT
Title Preliminary geologic and relief map of the Precambrian rocks of New Mexico,
Statement of responsibility, etc. by Roy W. Foster and Thomas F. Stipp.
260 ## - PUBLICATION, DISTRIBUTION, ETC.
Place of publication, distribution, etc. Socorro,
Name of publisher, distributor, etc. State Bureau of Mines & Mineral Resources, New Mexico Institute of Mining & Technology,
Date of publication, distribution, etc. 1961.
300 ## - PHYSICAL DESCRIPTION
Extent 37 p.
Other physical details map.
Dimensions 28 cm.
Extent and fold. col. map (in envelope)
Dimensions 31 cm.
490 1# - SERIES STATEMENT
Series statement New Mexico. Bureau of Mines and Mineral Resources. Circular
Volume/sequential designation 57
504 ## - BIBLIOGRAPHY, ETC. NOTE
Bibliography, etc. note Includes bibliography.
650 #0 - SUBJECT ADDED ENTRY--TOPICAL TERM
Topical term or geographic name entry element Geology
Geographic subdivision New Mexico
Form subdivision Maps.
650 #0 - SUBJECT ADDED ENTRY--TOPICAL TERM
Topical term or geographic name entry element Geology, Stratigraphic
Chronological subdivision Precambrian.
650 #0 - SUBJECT ADDED ENTRY--TOPICAL TERM
Topical term or geographic name entry element Petrology
Geographic subdivision New Mexico.
650 #0 - SUBJECT ADDED ENTRY--TOPICAL TERM
Topical term or geographic name entry element Borings
Geographic subdivision New Mexico.
700 1# - ADDED ENTRY--PERSONAL NAME
Personal name Stipp, Thomas F.,
Relator term joint author.
830 #0 - SERIES ADDED ENTRY--UNIFORM TITLE
Uniform title Circular (New Mexico. Bureau of Mines and Mineral Resources) ;
Volume/sequential designation 57.

No items available.

Powered by Koha